Le Crime de l´Orient-Express
Conocida novela de Agatha Christie, donde su característico detective Hércules Poirot tiene que resolver el crimen cometido dentro del tren, el asesinato de Ratchett, un misteriosos hombre que resguarda varios secretos que revelan la razón de su asesinato. El libro está en francés.
Gardado en:
| Autor Principal: | |
|---|---|
| Formato: | Libro |
| Idioma: | Undetermined |
| Publicado: |
Unión de Repúblicas Socialistas Soviéticas
Librairie de Champs-Elysees
1934
|
| Materias: | |
| Etiquetas: |
Engadir etiqueta
Sen Etiquetas, Sexa o primeiro en etiquetar este rexistro!
|
MARC
| LEADER | 00000nam a2200000Ia 4500 | ||
|---|---|---|---|
| 008 | 170316s9999 xx 000 0 und d | ||
| 040 | |a cru BVZT | ||
| 090 | |a 820 CH-3c | ||
| 100 | |a Christie, Agatha | ||
| 245 | |a Le Crime de l´Orient-Express | ||
| 260 | |a Unión de Repúblicas Socialistas Soviéticas | ||
| 260 | |b Librairie de Champs-Elysees | ||
| 260 | |c 1934 | ||
| 300 | |a 256 páginas | ||
| 520 | |a Conocida novela de Agatha Christie, donde su característico detective Hércules Poirot tiene que resolver el crimen cometido dentro del tren, el asesinato de Ratchett, un misteriosos hombre que resguarda varios secretos que revelan la razón de su asesinato. El libro está en francés. | ||
| 650 | |a LITERATURA INGLESA |9 12 | ||
| 999 | |c 6812 |d 6812 | ||
| 942 | |c 15 D |h 820 CH-3c |2 z | ||
